000 00635nam a22001937a 4500
008 260422b |||||||| |||| 00| 0 eng d
020 _a722304099
040 _aCUZ
_beng
_cCUZ
_drda
_eCUZ
050 _aBX4700.PAL
100 _aC.H. Palmer
245 _aThe prince bishop:
_bA life of St Francis de sales
_cby C. H. Palmer
264 _aDevon
_bArthur H. Stockwell
_c©1974
300 _a204pages
336 _atext
_btxt
337 _aunmediated
_bn
338 _2rdacarrier
650 _a Philosophy, Psychology and Religion 
_aChristian Denominations
_aCatholic Church 
942 _cOS
_i4700
_kBX
999 _c45589
_d45589